000 00600nam a22001937a 4500
005 20140910150547.0
010 _aENG-110767
020 _a9788183876025
_c495.00
035 _aEN-94299
037 _bDBAD/PUB
082 _a343.5407
100 _aBurhan Majid
245 _aCompetition law in India /
_cby Burhan Majid
260 _aNew Delhi
_bSerials Publications
_c2013
270 _a4830/24, Prahlad Street, Ansari Road, Darya Ganj
_bNew Delhi
_e110002
300 _axii,129p.
_c23cm(Hb)
500 _aIncludes bibliographical references
942 _2ddc
_cEN
_h343.5407
_mBUR
999 _c88382
_d88382